000 00680nam a2200253 i 4500
001 C2-0303268
003 PPAK
005 20180728084155.0
008 100322s2008 my |||| ||||| | may d
020 _a9789833316430
040 _aPPAK
_beng
_cPPAK
_erda
082 0 4 _a899.233
_223
090 0 0 _a899.233
_bAIN
_dG
100 0 _aAina Emir,
_eauthor
245 1 0 _aSatu penantian
264 1 _aBandar Baru Bangi, Selangor :
_bKarnaDya Solutions ,
_c2008
300 _a376 pages ;
_c19 cm
336 _2rdacontent
_atext
337 _2rdamedia
_aunmediated
338 _2rdacarrier
_avolume
650 1 0 _aMalay fiction.
700 0 _aAsha Zahra,
_eeditor
942 _ddc
_cB
999 _c106580
_d106580